Parki we Wroclawiu - Statystyki

Ogólne statystyki
  • Ten quiz został rozwiązany 51 razy
  • Średni wynik to 10 z 33
Statystyki odpowiedzi
Odpowiedź % Poprawnych
Park Południowy
95%
Park Zachodni
80%
Park Wschodni
78%
Park Szczytnicki
66%
Park Grabiszyński
46%
Park Tysiąclecia
46%
Park Popowicki
44%
Park Stanisława Tołpy
44%
Park Mamuta
41%
Park Mikołaja Kopernika
41%
Park Kleciński
39%
Park Leśnicki
37%
Park Bieńkowicki
29%
Park Brochowski
29%
Park Generała Władysława Andersa
24%
Park Juliusza Słowackiego
24%
Park Skowroni
24%
Park Stanisława Staszica
24%
Park generała Mariana Langiewicza
22%
Park Tarnogajski
22%
Park Pilczycki
20%
Park Świętej Edyty Stein
20%
Park Stabłowicki
15%
Park Biskupiński
12%
Park Jana Kasprowicza
10%
Park Złotnicki
10%
Park Czarna Woda
7%
Park Dąbski
7%
Park Lesława Węgrzynowskiego
5%
Park na Niskich Łąkach
5%
Park przy ul. Chopina
5%
Park Marii Dąbrowskiej
2%
Park Strachowicki
2%
Nie znaleziono quizów pasujących do podanych kryteriów
Rozkład punktacji
Procent ludzi z każdym wynikiem
Percentyl według liczby udzielonych odpowiedzi
Twoja historia wyników
Nie rozwiązałeś tego quizu